The Ghana law reports 1987 - 88 (Record no. 4162)

MARC details
000 -LEADER
fixed length control field 01698cas a2200397 a 4500
001 - CONTROL NUMBER
control field 11754992
010 ## - LIBRARY OF CONGRESS CONTROL NUMBER
LC control number 70000701
022 ## - INTERNATIONAL STANDARD SERIAL NUMBER
International Standard Serial Number 0855-0832
Incorrect ISSN 08550840
035 ## - SYSTEM CONTROL NUMBER
System control number (OCoLC)ocm30745406
042 ## - AUTHENTICATION CODE
Authentication code pcc
043 ## - GEOGRAPHIC AREA CODE
Geographic area code f-gh---
050 00 - LIBRARY OF CONGRESS CALL NUMBER
Classification number KRX19.A2
Item number G34
245 04 - TITLE STATEMENT
Title The Ghana law reports 1987 - 88
Remainder of title High Court, the Court of Appeal and the Cupreme Court of the Republic of Ghana
Statement of responsibility, etc General Legal Council,
260 ## - PUBLICATION, DISTRIBUTION, ETC. (IMPRINT)
Place of publication, distribution, etc Accra :
Name of publisher, distributor, etc General Legal Council,
Date of publication, distribution, etc [1993
300 ## - PHYSICAL DESCRIPTION
Extent xxxiii.804p. ;
Dimensions 25 cm.
440 ## - SERIES STATEMENT/ADDED ENTRY--TITLE
Volume number/sequential designation vol.1
583 ## - ACTION NOTE
Action Cases Reported<br/>Cases Judicially Considered<br/>Statutes Judicially Considered<br/>Includes index of subject matter
650 #0 - SUBJECT ADDED ENTRY--TOPICAL TERM
Topical term or geographic name as entry element Law reports, digests, etc.
650 #7 - SUBJECT ADDED ENTRY--TOPICAL TERM
Topical term or geographic name as entry element Law reports, digests, etc.
651 #7 - SUBJECT ADDED ENTRY--GEOGRAPHIC NAME
Geographic name Ghana.
Source of heading or term fast
710 2# - ADDED ENTRY--CORPORATE NAME
Corporate name or jurisdiction name as entry element General Legal Council (Ghana)
710 2# - ADDED ENTRY--CORPORATE NAME
Corporate name or jurisdiction name as entry element Council for Law Reporting (Ghana)
710 1# - ADDED ENTRY--CORPORATE NAME
Corporate name or jurisdiction name as entry element Ghana.
710 1# - ADDED ENTRY--CORPORATE NAME
Corporate name or jurisdiction name as entry element Ghana.
710 1# - ADDED ENTRY--CORPORATE NAME
Corporate name or jurisdiction name as entry element Ghana.
942 ## - ADDED ENTRY ELEMENTS (KOHA)
Item type Reports
515 ## - NUMBERING PECULIARITIES NOTE
Numbering peculiarities note Some issued in parts.
550 ## - ISSUING BODY NOTE
Issuing body note Issued by: Council for Law Reporting, 1965-<1991>
550 ## - ISSUING BODY NOTE
Issuing body note Vols. for 1959-60 contain cases determined by the High Court of Justice and on appeal therefrom in the Court of Appeal (1960, with cases determined by the Supreme Court and High Court); 1961-<1991> contain cases determined by the High Court and by the Supreme Court and/or Court of Appeal.
555 ## - CUMULATIVE INDEX/FINDING AIDS NOTE
Cumulative index/finding aids note Volumes for 1959-1966. 1 v.; 1971-1976. 1 v.
776 08 - ADDITIONAL PHYSICAL FORM ENTRY
Display text Online version:
Title Ghana law reports
Record control number (OCoLC)654658828
780 00 - PRECEDING ENTRY
Title West African law reports
Record control number (DLC) 64005507
-- (OCoLC)1769617
906 ## - LOCAL DATA ELEMENT F, LDF (RLIN)
a 7
b cbc
c serials
d 2
e ncip
f 19
g n-oclcserc
Holdings
Withdrawn status Lost status Source of classification or shelving scheme Damaged status Not for loan Collection code Home library Current library Shelving location Date acquired Source of acquisition Total Checkouts Full call number Barcode Date last seen Koha item type Public note
    Library of Congress Classification   Not For Loan Reference Methodist University Law Library Methodist University Law Library General Stacks   Purchased from Dansoman Book Shop   KRX19.A2 G34 4921 23/08/2018 Reports Not for borrowed
    Library of Congress Classification   Not For Loan Reference Methodist University Law Library Methodist University Law Library General Stacks   Purchased from Dansoman Book Shop   KRX19.A2 G34 4922 23/08/2018 Reports Not for borrowed
    Library of Congress Classification   Not For Loan Reference Methodist University Law Library Methodist University Law Library General Stacks   Purchased from Dansoman Book Shop   KRX19.A2 G34 4923 23/08/2018 Reports Not for borrowed
    Library of Congress Classification   Not For Loan Reference Methodist University Law Library Methodist University Law Library General Stacks   Purchased from Dansoman Book Shop   KRX19.A2 G34 4924 23/08/2018 Reports Not for borrowed
Copyright © 2026  MUG Library